000
00219 a2200097 4500
001
19557
100
_a
Bhutto Z A
245
_a
Marching to wards democracy (Vol-III)
260
_a
_b
Ferozsons
_c
090
_c
14280
_d
14280
942
_a
NUST-CAE
_c
M
_c
4759
999
_c
254630
_d
254630